LEADER 01791nam 22004693 450 001 9911028741503321 005 20251027083448.0 010 $a3-031-98704-7 035 $a(MiAaPQ)EBC32321032 035 $a(Au-PeEL)EBL32321032 035 $a(CKB)41018824800041 035 $a(OCoLC)1544983812 035 $a(EXLCZ)9941018824800041 100 $a20250930d2025 uy 0 101 0 $aeng 135 $aurcnu|||||||| 181 $ctxt$2rdacontent 182 $cc$2rdamedia 183 $acr$2rdacarrier 200 10$aEthics and the Digital Transformation of Human Work $eThe Society-, Entrepreneurship-, Research-Time Model (SERT) 205 $a1st ed. 210 1$aCham :$cPalgrave Macmillan,$d2025. 210 4$dİ2025. 215 $a1 online resource (235 pages) 225 1 $aReligion and Philosophy Series 311 08$a3-031-98703-9 330 $aDigital transformation and "AI"-- more adequately defined as "Data-Based Systems DS"-- will create new jobs and lead to disruptions.Will digital transformation and Data-Based Systems DS lead to a massive reduction of paid professional tasks for humans?. 410 0$aReligion and Philosophy Series 606 $aCOMPUTERS / Artificial Intelligence / General$2bisacsh 606 $aPHILOSOPHY / Ethics & Moral Philosophy$2bisacsh 606 $aTECHNOLOGY & ENGINEERING / General$2bisacsh 615 7$aCOMPUTERS / Artificial Intelligence / General 615 7$aPHILOSOPHY / Ethics & Moral Philosophy 615 7$aTECHNOLOGY & ENGINEERING / General 700 $aKirchschlaeger$b Peter G$01849499 801 0$bMiAaPQ 801 1$bMiAaPQ 801 2$bMiAaPQ 906 $aBOOK 912 $a9911028741503321 996 $aEthics and the Digital Transformation of Human Work$94439471 997 $aUNINA